000 00938nam a2200253Ia 4500
003 OSt
005 20221005104827.0
006 a|||||r|||| 00| 0
007 ta
008 221004b |||||||| |||| 00| 0 hin d
020 _a9788190424479 (hbk)
_c395
024 _a101939
037 _b406, 22/03/2010, Swaraj Prakashan
_cTextual
040 _aCRL
_cCRL
_bhin
041 _2hin
_ahin
082 _a4(Y5927), 152P7
100 _aगौतम, रूपचन्द
245 0 _aदलित पत्रकारिता के सामाजिक सरोकार
246 _aDalit patrakāritā ke sāmājik sarokāra
260 _aदिल्ली
_bश्री नटराज प्रकाशन भारत
_c2007
300 _a199पृ0
_ccm.
942 _h4(Y5927), 152P7
_cTEXL
_2cc
999 _c1013913
_d1013913